Blank Map Quiz Fictional/Nonfictional 2 - Statistics

General Stats
  • This quiz has been taken 3 times
  • The average score is 3 of 8
Answer Stats
Picture Answer % Correct
Little Saint James
100%
Gaza
50%
Hyrule
50%
Rowley Island
50%
Tanzania
50%
Alcatraz Island
0%
Isla Sorna
0%
Liberty City
0%
No matching quizzes found
Score Distribution
Percent of People with Each Score
Percentile by Number Answered
Your Score History
You have not taken this quiz